Competencia motriz: elementos para comprender el aprendizaje motor en educación física escolar
Gespeichert in:
| 1. Verfasser: | |
|---|---|
| Format: | Buch |
| Sprache: | Spanisch |
| Veröffentlicht: |
Madrid
Gymnos
1995
|
| Schriftenreihe: | Colección Monografías sobre Ciencias de la Actividad Física y el Deporte
|
| Schlagworte: | |
| Tags: |
Tag hinzufügen
Keine Tags, Fügen Sie den ersten Tag hinzu!
|
MARC
| LEADER | 00000nam a2200000 a 4500 | ||
|---|---|---|---|
| 001 | UCP5760 | ||
| 003 | CL-VaPUC | ||
| 008 | 990927e19950000SP |||||||||||||||||spa|d | ||
| 082 | 0 | 4 | |a 372.86 |b RUI |2 21 |
| 100 | 0 | |a Ruiz Pérez, Luis Miguel |e author |9 434343 | |
| 245 | 1 | 0 | |a Competencia motriz: elementos para comprender el aprendizaje motor en educación física escolar |
| 300 | |a 163 p | ||
| 942 | |c BK | ||
| 945 | |d 19990927 00:00:00 |a cmena | ||
| 260 | |a Madrid |b Gymnos |c 1995 | ||
| 650 | 0 | |a Deportes |9 224367 | |
| 650 | 0 | |a Educación física |9 240893 | |
| 650 | 0 | |a Educación básica |9 224933 | |
| 650 | 0 | |a Aptitud motora |9 307353 | |
| 583 | |a last modification |c 19990927 00:00:00 |k Rodrigo Vera | ||
| 490 | 0 | |a Colección Monografías sobre Ciencias de la Actividad Física y el Deporte | |
| 999 | |c 283428 |d 283426 | ||
| 952 | |0 0 |1 0 |4 0 |6 372_860000000000000_RUI_1995 |7 0 |8 A |9 326596 |a BIBEDU |b BIBEDU |d 2019-11-20 |i 3561534 |o 372.86 RUI 1995 |p 3561534 |r 2019-11-20 |w 2019-11-20 |y BK |k EFI | ||
| 952 | |0 0 |1 0 |4 0 |6 372_860000000000000_RUI_1995 |7 0 |8 A |9 326597 |a BIBEDU |b BIBEDU |d 2019-11-20 |i 3668355 |o 372.86 RUI 1995 |p 3668355 |r 2019-11-20 |w 2019-11-20 |y BK |k EFI | ||